000 00520nam a2200181Ia 4500
005 20250508163728.0
008 008 250505s9999 xx 000 0 eng d
037 _aTextual
040 _aFEDL
_beng
_cFEDL
041 _aeng
_2eng
084 _a363.9, MEH
_qFEDL
100 _aMehta S R. Ed.
_9494616
245 0 _aPoverty, population and sustainable development
260 _aJaipur, India
_bRawat Publications
_c1997
300 _axii,430p
942 _cTEXL
_h363.9, MEH
999 _c1384931
_d1384931